|
|
|
|
| LEADER |
00000nas a2200000 i 4500 |
| 001 |
ssj0001073108 |
| 003 |
WaSeSS |
| 005 |
20200512172242.0 |
| 006 |
m d |
| 007 |
cr n |
| 008 |
130703cuuuu9999xx qr pss u0 a0eng |
| 010 |
|
|
|a 2018207390
|
| 022 |
|
|
|a 2364-1835
|l 2228-6187
|
| 035 |
|
|
|a (WaSeSS)ssj0001073108
|
| 040 |
|
|
|a CNCGM
|b eng
|c CNCGM
|d CUD
|d OCLCF
|d OCLCO
|d OCLCQ
|d UAB
|d Z5A
|d OCLCQ
|d DLC
|d VT2
|d WaSeSS
|
| 042 |
|
|
|a pcc
|
| 050 |
0 |
0 |
|a TJ1
|
| 130 |
0 |
|
|a Iranian journal of science and technology, transactions of mechanical engineering (Online)
|
| 245 |
1 |
0 |
|a Iranian journal of science and technology, transactions of mechanical engineering
|h [electronic resource].
|
| 246 |
1 |
3 |
|a Transactions of mechanical engineering
|
| 260 |
|
|
|a [Place of publication not identified] :
|b [publisher not identified],
|
| 310 |
|
|
|a Quarterly
|
| 500 |
|
|
|a Begining of the publication date not identified.
|
| 506 |
|
|
|a License restrictions may limit access.
|
| 588 |
|
|
|a Description based on: Volume 40, issue 1 (March 2016) (title from Springer Link Online title screen, viewed December, 06, 2018)
|
| 588 |
|
|
|a Latest issue consulted: Volume 42, issue 4 (December 2018) (viewed December, 06, 2018).
|
| 650 |
|
0 |
|a Mechanical engineering
|v Periodicals.
|
| 650 |
|
7 |
|a Mechanical engineering.
|2 fast
|0 (OCoLC)fst01013375
|
| 655 |
|
0 |
|a Electronic journals.
|
| 776 |
0 |
8 |
|i Print version:
|t Iranian Journal of science and technology, transactions of mechanical engineering
|x 2228-6187
|
| 850 |
|
|
|a DLC
|
| 856 |
4 |
0 |
|z Full text available from Research Library: 04/01/2011 to 09/30/2018
|u https://search.proquest.com/publication/2026719
|